000 00804nam a22002417a 4500
999 _c401
_d401
003 AR-CdUCM
008 190223b ||||| |||| 00| 0 spa d
040 _aMUNICIPALIDAD PROVINCIAL DEL CUSCO
_cBIBLIOTECA MUNICIPAL DEL CUSCO
041 _hger
082 _a944.04/
_bR71-H
100 _aHentig, Hans von,
_91605
245 _aRobespierre /
260 _aSantiago de Chile :
_bEdit. Ercilla,
_c1935.
300 _a131 páginas ;
_c19 cm.
505 _aSus orígenes y su juventud -- La fisis -- La psiquis -- Mujeres amigos y enemigos -- El demagogo -- El dictador...
650 _aRevolución francesa
_91606
650 _aBiografía
_922
650 _aRevolucionarios
_91607
650 _aHistoria francesa
_91608
650 _aFrancia
_91444
942 _2ddc
_cLIBROS
945 _admma
_dSH0000000454